Interiérový nábytkový solitér

Saved in:
Bibliographic Details
Main Author: Zbudilová, Katarína (Author)
Other Authors: Paliatka, Peter, 1952- (Thesis advisor)
Format: Manuscript Book
Language:Slovak
Published: Bratislava 2015
Subjects:
Online Access:http://is.stuba.sk/zp/portal_zp.pl?podrobnosti=94198
Tags: Add Tag
No Tags, Be the first to tag this record!

MARC

LEADER 00000ntm a22000003a 4500
001 stuzp53951
003 SK-STU
005 20210302133646.5
007 ta
008 150427s2015----xo-----f-mn---000-0-slo-d
040 |a STU  |b slo 
041 0 |a slo 
100 1 |a Zbudilová, Katarína  |u 059190  |4 aut  |U FAD Fakulta architektúry  |T FA Ústav dizajnu  |X 62221  |U A9190  |Y 400  |7 62221 
242 0 1 |a Interior individual furniture  |y eng 
245 1 0 |a Interiérový nábytkový solitér 
260 |c 2015  |a Bratislava 
650 4 |a úložný priestor  |2 slo 
650 4 |a nábytkový solitér  |2 slo 
650 4 |a drevo  |2 slo 
650 4 |a textília  |2 slo 
650 4 |a fabric  |2 eng 
650 4 |a individual furniture  |2 eng 
650 4 |a storage  |2 eng 
650 4 |a wood  |2 eng 
700 1 |a Paliatka, Peter,  |d 1952-  |4 ths  |X 332  |7 A000000332 
856 4 |u http://is.stuba.sk/zp/portal_zp.pl?podrobnosti=94198  |u https://opac.crzp.sk/?fn=detailBiblioForm&sid=367CD704F5D5570C75E5F3DE3652 
SQL |a stuzp53951  |b DBP  |c SLO  |d Interiérový nábytkový solitér  |e 62221  |f Zbudilová, Katarína  |g 059190  |h 332  |i Paliatka, Peter  |j 20150611  |k 150  |l 05  |m http://is.stuba.sk/zp/portal_zp.pl?podrobnosti=94198  |n B-DV  |o 2.2.6. dizajn